00773nam a2200229Ia 450000500170000000800410001702000180005804100080007608200150008410000220009924500730012125000110019426000410020530000090024650000290025565000360028470000220032090600100034294200070035299900170035995201670037620251121154610.0230125s9999 xx 000 0 und d a9788184951721 aeng a158.1bPRO aProctor B9215333 aBecome a Magnet To MoneybThrough the Sea of Unlimited Consciousness aEd.4th c2013bJaico Publishing HouseaMumbai a196p aPersonality Development  aPersonality Development9213420 aProctor B9215333 b92.69 cBK c94854d94854 00104070aHIMRbHIMRd2017-03-20eSuyog Enterprisesg299.00iSE/SI/3970l0o158.1 PRO B15742pHIMR-BK-15742r2023-01-25 00:00:00v206.31w2017-03-17yBKzB15742